| 000 | 01134nam0a22002771 4500 | ||
|---|---|---|---|
| 001 | v19\rc\1579383 | ||
| 005 | 20260406022408.0 | ||
| 035 | _a(NLR Aleph) 004835808 | ||
| 090 |
_a4770009 _c4770009 |
||
| 100 | _a20061002d1893 |||y0rusy50 ca | ||
| 101 | 0 | _arus | |
| 102 | _aRU | ||
| 105 | _ay z ||||| | ||
| 200 | 1 |
_aПо этапу и по миру, или Вот до чего доводит пьянство _fСоч. Спиридона-Поворота [псевд.] |
|
| 210 |
_aСанкт-Петербург _cА.А. Холмушин _d1893 |
||
| 215 |
_a32 с. _d16 |
||
| 300 | _aАвт. установлен по изд.: Масанов И.Ф. Словарь псевдонимов... М., 1958. Т. 3 | ||
| 517 | 0 | _aВот до чего доводит пьянство | |
| 700 | 1 |
_8rus _7ca _aПроскурнин _bС. М. _f1880-1923 _gСергей Михайлович _3RU\NLR\AUTH\77123932 _9106857 |
|
| 790 | 0 |
_aСпиридон-Поворот _f1880-1923 |
|
| 801 | 0 |
_aRU _bNLR _gpsbo |
|
| 801 | 1 |
_aRU _bProSoft-M _2rusmarc |
|
| 801 | 2 |
_aRU _bNLR _c20130614 _2rusmarc |
|
| 852 |
_aNLR _j18.181.6.202(1) |
||
| 942 | _cBOOK | ||
| 980 | _aNB | ||